| Tag |
First Indicator |
Second Indicator |
Subfields |
| LEADER |
00000cam a2200000 a 4500 |
| 001 |
in00000028983 |
| 005 |
20151007054753.0 |
| 008 |
870409s1987 enk b 00110 eng |
| 010 |
|
|
|a 87009103
|
| 020 |
|
|
|a 0709931018
|
| 035 |
|
|
|a (OCoLC)15593851
|
| 035 |
|
|
|9 AAB6165AM
|
| 040 |
|
|
|a DLC
|c DLC
|d TXA
|d UtOrBLW
|
| 043 |
|
|
|a a-pk---
|
| 049 |
|
|
|a TXAM
|c [A11503131]
|
| 050 |
0 |
0 |
|a UA853.P3
|b K37 1987
|
| 082 |
0 |
|
|a 355/.0335/5491
|2 19
|
| 100 |
1 |
|
|a Kapur, Ashok.
|
| 245 |
1 |
0 |
|a Pakistan's nuclear development /
|c Ashok Kapur.
|
| 264 |
|
1 |
|a London ;
|a New York :
|b Croom Helm,
|c [1987]
|
| 264 |
|
4 |
|c ©1987
|
| 300 |
|
|
|a 258 pages ;
|c 23 cm.
|
| 336 |
|
|
|a text
|b txt
|2 rdacontent
|
| 337 |
|
|
|a unmediated
|b n
|2 rdamedia
|
| 338 |
|
|
|a volume
|b nc
|2 rdacarrier
|
| 500 |
|
|
|a "Published in the USA by Croom Helm in association with Methuen, Inc."--Title page verso.
|
| 504 |
|
|
|a Includes bibliographies and index.
|
| 651 |
|
0 |
|a Pakistan
|x Military policy.
|
| 650 |
|
0 |
|a Nuclear weapons
|z Pakistan.
|
| 999 |
|
|
|a MARS
|
| 999 |
f |
f |
|s 28733e99-19a5-3e25-879b-6ed634511b26
|i 630b5def-b7e5-3248-9a0a-cc03e24676f1
|t 0
|
| 952 |
f |
f |
|p normal
|a Texas A&M University
|b College Station
|c Sterling C. Evans Library
|d Evans: Library Stacks
|t 0
|e UA853.P3 K37 1987
|h Library of Congress classification
|i unmediated -- volume
|m A14811503131
|
| 998 |
f |
f |
|a UA853.P3 K37 1987
|t 0
|l Evans: Library Stacks
|